| 000 | 02265nam a2200589 c 4500 | ||
|---|---|---|---|
| 001 | 21523 | ||
| 003 | ES-MaCES | ||
| 005 | 20141221122730.0 | ||
| 008 | 081003s2008 sp bd t o000 | spa d | ||
| 017 |
_aM 12019-2008 _bDL |
||
| 020 | _a9788489116375 | ||
| 024 | 7 |
_a201-05-144-8 _2nipo |
|
| 035 | _aCES20080009751m | ||
| 040 |
_aES-MaCES _bspa _cES-MaCES |
||
| 110 | 2 |
_aColectivo Ioé _91984 |
|
| 245 | 1 | 0 |
_aInmigrantes, nuevos ciudadanos _b: ¿hacia una España plural e intercultural? _cColectivo Ioé [integrado por] Carlos Pereda, Walter Actis, Miguel Ángel de Prada ; con la col. de Graciela Malgesini, Ana I. Planet, Daniel Wagman |
| 260 |
_aMadrid _bFundación de las Cajas de Ahorros (FUNCAS) _c[2008] |
||
| 300 |
_aX, 124 p. _bgráf., mapas bl. y n. _c24 cm |
||
| 490 | 1 |
_aEstudios de la Fundación _v28. Serie economía y sociedad |
|
| 500 | _aEn la port.: CECA, Confederación Española de Cajas de Ahorros | ||
| 500 | _aÍndices | ||
| 504 | _aBibliografía: p. 117-120 | ||
| 541 | _cCompra | ||
| 650 | 4 |
_ainmigración _928632 |
|
| 650 | 4 |
_ainmigrante _928631 |
|
| 650 | 4 |
_apolítica migratoria _929183 |
|
| 650 | 4 |
_acohesión social _930743 |
|
| 650 | 4 |
_aintegración social _927283 |
|
| 650 | 4 |
_aevaluación del impacto _930732 |
|
| 650 | 4 |
_acondiciones económicas _927081 |
|
| 650 | 4 |
_amercado de trabajo _928292 |
|
| 650 | 4 |
_asistema educativo _927375 |
|
| 650 | 4 |
_avivienda _928598 |
|
| 650 | 4 |
_alibertad religiosa _927179 |
|
| 650 | 4 |
_aseguridad ciudadana _931101 |
|
| 650 | 4 |
_aopinión pública _927247 |
|
| 650 | 4 |
_aEspaña _926964 |
|
| 650 | 4 |
_aanálisis transcultural _927258 |
|
| 653 | 1 | 0 | _aCiencias Sociales-Políticas |
| 700 | 1 |
_aPereda, Carlos _920665 |
|
| 700 | 1 |
_aActis, Walter _95584 |
|
| 700 | 1 |
_aPrada, Miguel Ángel de _921332 |
|
| 700 | 1 |
_aMalgesini, Graciela _ecol. _917341 |
|
| 700 | 1 |
_aPlanet, Ana I. _ecol. _921129 |
|
| 700 | 1 |
_aWagman, Daniel _ecol. _926084 |
|
| 710 | 2 |
_aFundación de las Cajas de Ahorros _eed. _93800 |
|
| 710 | 2 |
_aConfederación Española de Cajas de Ahorros _92250 |
|
| 830 | 0 |
_aEstudios de la Fundación de las Cajas de Ahorros _pSerie Economía y sociedad _v28 _934278 |
|
| 902 | _aLIB Libro | ||
| 942 |
_2CES _cBK _h7.0. |
||
| 999 |
_c21523 _d21523 |
||